Narración militar de la Guerra Carlista de 1869 a 1876 / (Record no. 160496)

MARC details
000 -LEADER
campo de control de longitud fija 01107nam a22002415i#4500
001 - NÚMERO DE CONTROL
campo de control 160496
003 - IDENTIFICADOR DE NÚMERO DE CONTROL
campo de control ES-MaACL
005 - FECHA Y HORA DE LA ÚLTIMA TRANSACCIÓN
campo de control 20230906212042.0
008 - DATOS DE LONGITUD FIJA--INFORMACIÓN GENERAL
campo de control de longitud fija 980608m18831889sp |||| | spa d
245 00 - MENCIÓN DEL TÍTULO
Título Narración militar de la Guerra Carlista de 1869 a 1876 /
Mención de responsabilidad, etc. por el Cuerpo de Estado Mayor del Ejército ; publicada por el Depósito de la Guerra.
260 ## - PUBLICACIÓN, DISTRIBUCIÓN, ETC.
Lugar de publicación, distribución, etc. Madrid :
Nombre del editor, distribuidor, etc. [s.n.],
Fecha de publicación, distribución, etc. 1883-1889 (
Fabricante Imp. y Lit. del Depósito de la Guerra)
300 ## - DESCRIPCIÓN FÍSICA
Extensión 14 v. ;
Dimensiones 25 cm.
500 ## - NOTA GENERAL
Nota general Completado con: 'Atlas topográfico de la narración militar de la Guerra Carlista de 1869 a 1876'.
500 ## - NOTA GENERAL
Nota general Completado con: 'Narración militar de la guerra carlista [Material gráfico]'.
530 ## - NOTA DISPONIBLE DE FORMULARIO FÍSICO ADICIONAL
Nota de formato físico adicional disponible Disponible en formato digital.
597 ## - NOTA DE DESCRIPCIÓN FÍSICA
NOTA DE DESCRIPCIÓN FÍSICA Signaturizado.
597 ## - NOTA DE DESCRIPCIÓN FÍSICA
NOTA DE DESCRIPCIÓN FÍSICA Antep.
651 #4 - PUNTO DE ACCESO ADICIONAL DE MATERIA--NOMBRE GEOGRÁFICO
Nombre geográfico España-
Subdivisión general Historia-
Subdivisión cronológica 1833-1876, Guerras carlistas.
9 (RLIN) 8253
710 1# - ENTRADA AGREGADA--NOMBRE DE ENTIDAD CORPORATIVA
Nombre de entidad corporativa o nombre de jurisdicción como elemento de entrada España.
Unidad subordinada Cuerpo de Estado Mayor del Ejército.
9 (RLIN) 140419
710 1# - ENTRADA AGREGADA--NOMBRE DE ENTIDAD CORPORATIVA
Nombre de entidad corporativa o nombre de jurisdicción como elemento de entrada España.
Unidad subordinada Depósito de la Guerra.
9 (RLIN) 167579
852 ## - LOCALIZACIÓN
Ubicación ES-MaACL
Número de control de estantería G-6617-30
Nota libre - Enc. pasta
856 ## - LOCALIZACIÓN Y ACCESO ELECTRÓNICOS
Identificador Uniforme de Recursos <a href="http://hdl.handle.net/10357/2423 ">http://hdl.handle.net/10357/2423 </a>
Nota pública Memoria Digital Vasca
Holdings
Estatus retirado Estado de pérdida Estado de daño No para préstamo Colección Biblioteca de origen Biblioteca actual Ubicación en estantería Fecha de adquisición Fuente de adquisición Total de préstamos Signatura topográfica completa Código de barras Visto por última vez Precio de reemplazo Tipo de ítem Koha
        Colección digital Biblioteca del Ateneo de Madrid Biblioteca del Ateneo de Madrid Depósito 2 17/01/2008     G-6617-30 1168051 23/02/2023 23/02/2023 Libro impreso antiguo